Statistics for Cities in Oregon with the Tallest Buildings

Click here to take the quiz!

General Stats

  • This quiz has been taken 97 times
  • The average score is 4 of 10

Answer Stats

RankCity% Correct
1Portland
100%
4Salem
93%
2Eugene
92%
3Tigard
39%
8Astoria
36%
6Lake Oswego
22%
8Ashland
20%
6Coos Bay
17%
5Baker City
12%
10La Grande
10%

Score Distribution

Percentile by Number Answered

Percent of People with Each Score

Your Score History

You have not taken this quiz